| 000 | 00438nam a2200169Ia 4500 | ||
|---|---|---|---|
| 003 | 0STCL | ||
| 008 | 150530s9999 xx 000 0 und d | ||
| 040 |
_aSTCL _cSTCL |
||
| 100 | _aEkanath Ranade | ||
| 245 | _aUthishtta Bharath Athava Swami Vivekanandantte Hindu Rastrathodulla Ahkuvanam | ||
| 260 |
_bBhavanandi; Ernakulam _c1963 |
||
| 300 | _a0 | ||
| 546 | _aMalayalam | ||
| 942 |
_2ddc _cBK |
||
| 999 |
_c4408 _d4408 |
||
| 005 | 20220125165351.0 | ||